000 00286nam a22001337a 4500
008 181022b xxu||||| |||| 00| 0 eng d
020 _a9781416056720
041 _aeng
080 _a610.73
100 _a2
101 _aINF
245 _aNursing Today
_cZerkwekh, J
942 _2udc
_cBK
999 _c50530
_d50530